Granada CF Squad 2015-2016 - Statistics

General Stats
  • This quiz has been taken 18 times
  • The average score is 16 of 32
Answer Stats
# Position Nation Player % Correct
27 FW Venezuela Adalberto Peñaranda
100%
5 DF Spain Diego Maínz
100%
22 DF Guadeloupe Dimitri Foulquier
100%
4 MF Spain Fran Rico
100%
11 FW Nigeria Isaac Success
100%
9 FW Morocco Youssef El-Arabi
100%
- Coach Spain José Ramón Sandoval
86%
20 MF Spain Rubén Pérez
86%
13 GK Spain Andrés Fernández
71%
25 GK Spain Jesús Fernández
71%
10 MF Spain Piti
71%
3 DF Italy Cristiano Biraghi
57%
21 MF Slovenia Rene Krhin
57%
23 FW Spain Rubén Rochina
57%
6 DF Martinique Jean-Sylvain Babin
43%
15 FW Uruguay Nicolás López
43%
24 DF Portugal Ricardo Costa
43%
16 MF France Abdoulaye Doucouré
29%
15 FW Spain David Barral
29%
17 FW Spain Edgar Méndez
29%
1 GK Croatia Ivan Kelava
29%
8 MF Spain Javi Márquez
29%
- Coach Spain José González
29%
19 DF Brazil Neuton
29%
7 FW Spain Rober Ibáñez
29%
26 MF Nigeria Uche Agbo
29%
2 DF Spain David Lombán
14%
19 FW Spain Isaac Cuenca
14%
12 DF Brazil Matheus Dória
14%
18 DF Portugal Miguel Lopes
14%
14 DF Spain Salva Ruiz
14%
16 FW Congo Thievy Bifouma
14%
No matching quizzes found
Score Distribution
Percent of People with Each Score
Percentile by Number Answered
Your Score History
You have not taken this quiz